00540nam a22001697a 450000500170000000800410001702000230005804100080008108200140008910000220010324500700012526000390019530000230023449000780025750400160033565000190035120260506110910.0260506b |||||||| |||| 00| 0 eng d a9780710304575qhbk aeng a341.2 MYE aMyers, Patrick R. aSuccession Between International Organizationsc/Patrick R. Myers aUKbKegan Paul Internationalc1993 axi, 186p. :c20cm. aPublication of Graduate Institute of International Studies, Geneva Series aBib and Ref aLaw of nations